Tilastot visalle Nimeä Star wars elokuvat

Klikkaa tästä pelataksesi tätä visaa!

Yleistilastot

  • Tätä visaa on pelattu 34 kertaa
  • Keskiarvotulos 9 / 15

Vastaustilastot

Vastaus% Oikein
Star wars The Last Jedi
100%
Star wars Imperiumin Vastaisku
82%
Star wars Jedin Paluu
82%
Star wars Pimeä Uhka
79%
Star wars Uusi Toivo
79%
Star wars Sithin Kosto
75%
Star wars The Rise Of The Skywalker
71%
Star wars Kloonien Hyökkäys
64%
Star wars Rogue One
64%
Star wars Solo
61%
Star wars The Force Awakens
61%
Star wars The Clone Wars
39%
Star wars Holiday Special
11%
Ewok Adventure
7%
Ewoks Battle For Endor
7%

Tulosjakauma

Persentiili vastausten määrän mukaan

Jokaisen tuloksen saaneiden osuus

Tuloshistoriasi

Et ole pelannut tätä visaa